000 00584nam a22002417a 4500
003 UA-OsUOA
001 26077
007 ta
008 20040512b un ||||| |||| 00| 0 ukr d
100 _aАнохин Г.И.
090 _a392
_bА64
942 _cBK
040 _aUA-OsUOA
_brus
_cUA-OsUOA
_dUA-OsUOA
245 _aОбщинные традиции норвежского крестьянства
300 _a208 с.
955 _a0
041 _arus
080 _a392
260 _aМосква
_bНаука
_c1971
044 _aRU
650 7 _2UDC
999 _c312388
_d312388